Normal view
MARC view
Entry Topical Term
001 - CONTROL NUMBER
- control field: 23576
003 - CONTROL NUMBER IDENTIFIER
- control field: ARRUPE
005 - DATE AND TIME OF LATEST TRANSACTION
- control field: 20160406113057.0
008 - FIXED-LENGTH DATA ELEMENTS
- fixed length control field: 160406|| aca||aabn | a|a d
040 ## - CATALOGING SOURCE
- Original cataloging agency: ARRUPE
- Transcribing agency: ARRUPE
150 ## - HEADING--TOPICAL TERM
- Topical term or geographic name as entry element: Economics
670 ## - SOURCE DATA FOUND
- Source citation: Work cat.: (ARRUPE)3665: Hanson, J. L. 23575, A textbook of Economics